Serie A 2025-2026 - Logos - Statistiques

Statistiques générales
  • Ce quiz a été pris 162 fois
    151 depuis la dernière actualisation
  • Le résultat moyen est 16 sur 20
Statistiques - réponses
Par images Réponse % Correct
Juventus
100%
AC Milan
94%
SSC Napoli
93%
Atalanta Bergame
92%
Inter Milan
91%
SS Lazio
91%
Torino FC
90%
ACF Fiorentina
87%
AS Rome
87%
Bologne FC
84%
Genoa CFC
80%
Udinese Calcio
77%
US Sassuolo
74%
Cagliari Calcio
73%
Côme 1907
69%
Hellas Vérone FC
68%
Parme Calcio
68%
US Lecce
67%
Pisa SC
34%
US Cremonese
33%
Aucun quiz correspondant
Distribution des résultats
% des personnes avec chaque résultat
Percentile par nombre de réponses
Votre historique - résultats
Vous n’avez pas pris ce quiz depuis la dernière actualisation